000 00765cab a22002175a 4500
001 L154561
008 111222e20111118xxk 000 0 eng d
035 _a(Sirsi) u154561
041 0 _aeng
110 2 _aBuilding
_91694
245 0 0 _aBIM during construction
260 _c2011
490 _aBuilding
_v276 (8708) 16 December 2011, Building CPD Module 8
520 _aLooks at building information modelling (BIM) throughout the construction process; benefits of BIM for construction firms; BIM across the four stages of the construction process; project bids; preconstruction; execution; handover.
590 _aKA
650 _aBIM
_96219
650 2 4 _aBUILDING INFORMATION MODELLING
651 4 _aUnited Kingdom
_y
690 _aBIM
_96219
942 _n0
999 _c83667
_d83667